Online Catalogue and eLibrary

The Kalahari Typing School for Men (Record no. 5703)

MARC details
000 -LEADER
fixed length control field 00404nam a2200169Ia 4500
005 - DATE AND TIME OF LATEST TRANSACTION
control field 20241118054826.0
008 - FIXED-LENGTH DATA ELEMENTS--GENERAL INFORMATION
fixed length control field 240331s9999 xx 000 0 und d
020 ## - INTERNATIONAL STANDARD BOOK NUMBER
ISBN 140003180X
082 ## - DDC Classification
Item Number - Author Mark MCC
Class No. 823
100 ## - MAIN ENTRY--PERSONAL NAME
Personal name Mccallsmith, A
245 #4 - TITLE STATEMENT
Title The Kalahari Typing School for Men
260 ## - PUBLICATION, DISTRIBUTION, ETC.
Place of publication, distribution, etc. New York
Name of publisher, distributor, etc. Anchor Books
Date of publication, distribution, etc. 2004
300 ## - PHYSICAL DESCRIPTION
Extent (e.g. Volumes, Pages etc.) 191 p .,
650 ## - SUBJECT ADDED ENTRY--TOPICAL TERM
Topical term or geographic name entry element Women
650 ## - SUBJECT ADDED ENTRY--TOPICAL TERM
Topical term or geographic name entry element Fiction
942 ## - Koha item type (Biblio)
Koha item type Books in Stacks (Lending)
Holdings
Lost status Damaged status Collection code Home library Current library Shelving location Date acquired Full call number Accession Number Item type
    Lending WERC Library WERC Library Social Science Cupboard 03/31/2024 823 MCC 6747 Books in Stacks (Lending)

© WERC Library